[Event "San Sebastian Mendez Memorial 9th"]
[Site "San Sebastian del Pepino"]
[Date "2023.01.13"]
[Round "1"]
[White "Deliz Quinones, Hector J"]
[Black "Boggiano Pereira, Miguel A"]
[Result "0-1"]
[WhiteElo "1778"]
[BlackElo "1982"]
[PlyCount "90"]
[EventDate "2023.01.13"]
[EventType "swiss"]
[EventRounds "5"]
[EventCountry "PUR"]
[SourceTitle "CBM 212 Extra"]
[Source "ChessBase"]
[SourceDate "2023.03.31"]
[SourceVersion "1"]
[SourceVersionDate "2023.03.31"]
[SourceQuality "1"]

1. d4 Nf6 2. c4 c5 3. d5 b5 4. Qc2 e6 5. e4 exd5 6. cxd5 a6 7. Bg5 h6 8. Bh4 g5 9. Bg3 Qe7 10. Nd2 Nxd5 11. Be2 Nb4 12. Qc3 Rg8 13. Ngf3 Bg7 14. e5 d5 15. a3 N4c6 16. Rc1 Nd7 17. 0-0 h5 18. Nxg5 Qxg5 19. f4 Qh6 20. Nf3 c4 21. Rcd1 Nb6 22. Qe3 Ne7 23. Bf2 Na4 24. Qd2 Bf5 25. Be3 Bf8 26. Kh1 Be4 27. f5 Qg7 28. Ng5 Qxe5 29. Bxh5 Rxg5 30. Bxg5 Qxb2 31. f6 Nc6 32. Rfe1 Qxd2 33. Rxd2 Bxa3 34. Rxd5 Nc3 35. Rd2 Kf8 36. Bh6+ Kg8 37. Rd7 Ne5 38. Rd5 Nxd5 39. Rxe4 Nxf6 40. Rxe5 Nxh5 41. Rxh5 Rd8 42. g3 c3 43. Rg5+ Kh7 44. Rh5 Kg6 45. Rh4 c2 0-1

[Event "San Sebastian Mendez Memorial 8th"]
[Site "San Sebastian del Pepino"]
[Date "2022.01.14"]
[Round "1.2"]
[White "Deliz Quinones, Hector J"]
[Black "Rodriguez Santiago, Jaime"]
[Result "0-1"]
[WhiteElo "1828"]
[BlackElo "2059"]
[PlyCount "120"]
[EventDate "2022.01.14"]
[EventType "swiss"]
[EventRounds "5"]
[EventCountry "PUR"]
[SourceTitle "EXT 2023"]
[Source "ChessBase"]
[SourceDate "2022.10.05"]
[SourceVersion "1"]
[SourceVersionDate "2022.10.05"]
[SourceQuality "1"]

1. d4 g6 2. c4 Bg7 3. Nf3 d6 4. g3 Nf6 5. Bg2 0-0 6. 0-0 Nbd7 7. Nc3 e5 8. h3 Re8 9. Bg5 h6 10. Be3 c6 11. Qc2 Nb6 12. b3 e4 13. Nd2 d5 14. cxd5 cxd5 15. Nb5 Re7 16. Bf4 Ne8 17. Rac1 Bd7 18. Nd6 Bc6 19. Nxe8 Rxe8 20. Qc5 Nd7 21. Qc3 g5 22. Be3 f5 23. f4 exf3 24. Rxf3 Qe7 25. Bf2 Rf8 26. Qc2 Qe6 27. Rf1 Rf7 28. Nb1 Raf8 29. Nc3 Nb6 30. a4 Nc8 31. Re3 Qd7 32. Qd3 f4 33. gxf4 gxf4 34. Rf3 Nd6 35. e3 fxe3 36. Qxe3 Rxf3 37. Bxf3 Re8 38. Qf4 Ne4 39. Bg4 Nxc3 40. Bxd7 Ne2+ 41. Kh2 Nxf4 42. Bxe8 Bxe8 43. Be3 Ne6 44. Rg1 Kh7 45. Rc1 Bc6 46. Rd1 Kg6 47. Kg3 Kf5 48. Rf1+ Ke4 49. Re1 Kd3 50. Bxh6 Bxh6 51. Rxe6 Bd2 52. h4 Kxd4 53. Kf3 Kc3 54. Ke2 d4 55. Rd6 Bf4 56. Rd8 Bc7 57. Rc8 d3+ 58. Ke1 d2+ 59. Ke2 Kc2 60. Rxc7 d1Q+ 0-1

[Event "Mem Rabell Mendez Grupo B"]
[Site "San Sebastian"]
[Date "2014.01.19"]
[Round "4"]
[White "Hidalgo Jusino, Gabriel"]
[Black "Deliz Quinones, Hector J"]
[Result "0-1"]
[WhiteElo "1811"]
[BlackElo "1905"]
[PlyCount "52"]
[EventDate "2014.01.17"]
[EventType "swiss"]
[EventRounds "5"]
[EventCountry "PUR"]
[SourceTitle "EXT 2024"]
[Source "ChessBase"]
[SourceDate "2023.10.10"]
[SourceVersion "1"]
[SourceVersionDate "2023.10.10"]
[SourceQuality "1"]

1. c4 e5 2. g3 Nf6 3. Bg2 c6 4. d4 exd4 5. Qxd4 d5 6. cxd5 cxd5 7. Nf3 Nc6 8. Qa4 Bb4+ 9. Bd2 Bxd2+ 10. Nbxd2 0-0 11. Nd4 Qb6 12. N2b3 Re8 13. e3 Nb4 14. 0-0 Bd7 15. Qa5 Nd3 16. Qd2 Ne5 17. Rfd1 Nc4 18. Qe2 Bc6 19. Rab1 a5 20. Nf3 Bb5 21. Qc2 Rac8 22. Qf5 Nd6 23. Qh3 Bd7 24. g4 Bxg4 25. Qg3 Nf5 26. Qf4 Re4 0-1

[Event "Mem Rabell Mendez Grupo B"]
[Site "San Sebastian"]
[Date "2014.01.18"]
[Round "2"]
[White "Gonzalez Carrion, Otilio"]
[Black "Deliz Quinones, Hector J"]
[Result "0-1"]
[WhiteElo "1809"]
[BlackElo "1905"]
[PlyCount "40"]
[EventDate "2014.01.17"]
[EventType "swiss"]
[EventRounds "5"]
[EventCountry "PUR"]
[SourceTitle "EXT 2024"]
[Source "ChessBase"]
[SourceDate "2023.10.10"]
[SourceVersion "1"]
[SourceVersionDate "2023.10.10"]
[SourceQuality "1"]

1. e4 c5 2. Nc3 Nc6 3. f4 g6 4. Nf3 d6 5. Bc4 Bg7 6. 0-0 e6 7. d3 Nge7 8. Qe1 a6 9. a4 0-0 10. Qh4 d5 11. Bb3 Nd4 12. Nxd4 cxd4 13. Nb1 dxe4 14. dxe4 d3 15. Kh1 Nc6 16. Qxd8 Rxd8 17. c3 Na5 18. Ba2 b5 19. axb5 axb5 20. Bxe6 Bxe6 0-1